| 000 | 00809cab a22002175a 4500 | ||
|---|---|---|---|
| 001 | L144569 | ||
| 008 | 080729e2008 xxk f 000 0 eng d | ||
| 035 | _a(Sirsi) u144569 | ||
| 041 | 0 | _aeng | |
| 100 | 1 | _aCant, Malcolm | |
| 245 | 0 | 0 | _aTesting times ahead for FM |
| 260 | _c2008 | ||
| 490 | 0 |
_aPremises and Facilities Management _vJuly 2008, 12(1) |
|
| 520 | _aA Facilities Management Faculty briefing, this article considers the pressing issues facing the facilities management sector as it faces a period of austerity. Lists predictions for facilities management in the next ten years. | ||
| 590 | _aKA | ||
| 651 | 4 | _aInternational | |
| 690 | _aABOUT RICS-RICS FACULTIES-RICS FACILITIES MANAGEMENT FACULTY | ||
| 690 | _aMANAGEMENT-FACILITIES MANAGEMENT | ||
| 700 | 1 | _aJeynes, Lucy | |
| 942 | _n0 | ||
| 999 |
_c80521 _d80521 |
||